Исследование сорбционных характеристик углеродного остатка пиролиза автошин; Современные проблемы машиностроения

書目詳細資料
Parent link:Современные проблемы машиностроения.— 2020.— [С. 243-244]
Corporate Authors: Национальный исследовательский Томский политехнический университет Школа базовой инженерной подготовки Отделение общетехнических дисциплин, Национальный исследовательский Томский политехнический университет Инженерная школа ядерных технологий Отделение экспериментальной физики
其他作者: Сечин А. И. Александр Иванович, Макаревич Е. А., Панин А. В. Алексей Викторович, Черкасова Т. Г.
總結:Заглавие с экрана
語言:俄语
出版: 2020
叢編:Промышленная безопасность
主題:
在線閱讀:http://earchive.tpu.ru/handle/11683/64060
格式: 電子 Book Chapter
KOHA link:https://koha.lib.tpu.ru/cgi-bin/koha/opac-detail.pl?biblionumber=632479

MARC

LEADER 00000naa2a2200000 4500
001 632479
005 20240215121513.0
035 |a (RuTPU)RU\TPU\conf\34187 
035 |a RU\TPU\conf\34186 
090 |a 632479 
100 |a 20201204a2020 k y0rusy50 ca 
101 0 |a rus 
102 |a RU 
105 |a y z 100zy 
135 |a drgn ---uucaa 
181 0 |a i  
182 0 |a b 
200 1 |a Исследование сорбционных характеристик углеродного остатка пиролиза автошин  |f А. И. Сечин, Е. А. Макаревич, А. В. Панин, Т. Г. Черкасова 
203 |a Текст  |c электронный 
225 1 |a Промышленная безопасность 
300 |a Заглавие с экрана 
320 |a [Библиогр.: с. 244 (4 назв.)] 
463 0 |0 (RuTPU)RU\TPU\conf\34136  |t Современные проблемы машиностроения  |o сборник трудов XIII Международной научно-технической конференции, г. Томск, 26-30 октября 2020 г.  |f Национальный исследовательский Томский политехнический университет (ТПУ) ; под ред. Е. Н. Пашкова  |v [С. 243-244]  |d 2020 
610 1 |a электронный ресурс 
610 1 |a труды учёных ТПУ 
610 1 |a сорбционные характеристики 
610 1 |a пиролиз 
610 1 |a шины 
610 1 |a утилизация 
610 1 |a отходы 
610 1 |a термическое разложение 
610 1 |a углеродные сорбенты 
701 1 |a Сечин  |b А. И.  |c специалист в области экологии и безопасности жизнедеятельности  |c профессор Томского политехнического университета, доктор технических наук  |f 1950-  |g Александр Иванович  |3 (RuTPU)RU\TPU\pers\26051  |9 11890 
701 1 |a Макаревич  |b Е. А. 
701 1 |a Панин  |b А. В.  |c физик  |c профессор Томского политехнического университета, доктор физико-математических наук  |f 1971-  |g Алексей Викторович  |3 (RuTPU)RU\TPU\pers\31424  |9 15588 
701 1 |a Черкасова  |b Т. Г. 
712 0 2 |a Национальный исследовательский Томский политехнический университет  |b Школа базовой инженерной подготовки  |b Отделение общетехнических дисциплин  |3 (RuTPU)RU\TPU\col\23550 
712 0 2 |a Национальный исследовательский Томский политехнический университет  |b Инженерная школа ядерных технологий  |b Отделение экспериментальной физики  |3 (RuTPU)RU\TPU\col\23549 
801 2 |a RU  |b 63413507  |c 20201210  |g RCR 
856 4 |u http://earchive.tpu.ru/handle/11683/64060 
942 |c BK